Monitorovanie vozidla bakalárska práca

Saved in:
Bibliographic Details
Main Author: Martinec, Pavel
Corporate Author: Fakulta hospodárskej informatiky EU. Katedra aplikovanej informatiky
Other Authors: Procházka, Peter, 1968-
Format: Book
Language:Slovak
Published: Bratislava 2022
Tags: Add Tag
No Tags, Be the first to tag this record!

MARC

LEADER 00000nbm a2200000 4500
001 0287552
005 20230127110403.1
041 0 |a slo 
044 |a SK 
245 1 0 |a Monitorovanie vozidla  |b bakalárska práca  |c Pavel Martinec ; školiteľ: Peter Procházka 
264 1 |a Bratislava  |c 2022 
300 |a 58 s. 
100 1 |a Martinec, Pavel 
700 1 |a Procházka, Peter, 1968- 
710 2 |a Fakulta hospodárskej informatiky EU. Katedra aplikovanej informatiky